000 00512cam a2200181 4500500
005 20260329003726.0
041 _afre
042 _adc
100 1 0 _aPortevin, Catherine
_eauthor
245 0 0 _aRire
260 _c2016.
500 _a83
690 _aComique
690 _aRire
690 _aYves Cusset
786 0 _nPhilosophie magazine | 103 | 10 | 2016-10-01 | p. 63-63 | 1951-1787
856 4 1 _uhttps://shs.cairn.info/magazine-philosophie-magazine-2016-10-page-63?lang=fr&redirect-ssocas=7080
999 _c1827095
_d1827095